000 00459nmm a2200169Ia 4500
008 251105s9999||||xx |||||||||||||||||und||
020 _a9788498161441
041 _aspa
100 _aEl Salvador
245 0 _aConstituciones fundacionales de El Salvador de 1824
264 _a[Madrid, España] :
_bLinkgua,
_c2011
300 _a26 páginas
490 _aLeyes
650 _aLaw
856 _uhttps://public.digitaliapublishing.com/a/16526
942 _cCF
999 _c90900
_d90900